000 00602nam a2200169 4500
001 118511
003 ES-MaACL
005 20230906191120.0
007 t|
008 070214s1949 sp r ||||1| spa d
100 1 _aPareja Fernández, Enrique Manuel.
_989063
245 1 3 _aLa obra de Pedro de Valencia `Sobre el criterio de la verdad` /
_cEnrique Manuel Pareja Fernández.
260 _aMadrid :
_b[s. n.],
_c1949.
300 _a7 h. ;
_c24 cm.
500 _aEs tirada aparte de: Revista de Filosofía (Instituto Luis Vives), t. VIII, nº 31, pp. 657-669.
852 _aES-MaACL
_j1915-F-3
_bR.30028
999 _c118511
_d118511